000 00984nam a2200301 i 4500
003 EG-GICUC
005 20260424153136.0
008 260424s1907 enk||||f |||| 00| 0 eng d
040 _aEG-GiCUC
_beng
_cEG-GiCUC
_dEG-GiCUC
_eRda
041 _aeng
082 0 4 _221
_a343.66
_bAN . C
092 0 4 _221
099 _aLaw110 343.66 AN . C 1907 1010675 C1
100 1 _aAnderson, Robert
_eAuteur
245 1 2 _aCriminals And Crime :
_bSome Facts And Suggestions /
_cby Robert Anderson.
264 1 _aLondon :
_bJames Nisbet Co., Limited,
_c1907.
300 _a182 pages ;
_c24 cm.
336 _2rda contenu
_a texte
337 _2rda medias
_aOrdinateur
338 _2 transporteur rda
_a Ressource en ligne
546 _aTexte en français
650 1 4 _aCriminals
_xLaws and legislation
650 1 4 _aCriminal law
651 1 _aRomânia
_xLegi și legislație
_2qrmak
856 4 0 _uhttps://fll.law.cu.edu.eg/fulltext/bks/B10-11266.pdf
905 _a164
942 _2ddc
_n0
_cBK
_e21
999 _c73279
_d73279